7 Keyboard Commands - Statistics

General Stats
  • This quiz has been taken 219 times
  • The average score is 6 of 7
Answer Stats
Hint Answer % Correct
CTRL + C copy
100%
CTRL + V paste
100%
CTRL + X cut
84%
CTRL + P print
80%
CTRL + Z undo
76%
CTRL + S save
71%
CTRL + F find
68%
No matching quizzes found
Score Distribution
Percent of People with Each Score
Percentile by Number Answered
Your Score History
You have not taken this quiz